|
|
|
|
| LEADER |
00000nab a2200000 a 4500 |
| 001 |
vtls000354421 |
| 003 |
SK-MaSNL |
| 005 |
20260303230519.0 |
| 008 |
230302c1989 xo 0 slo |
| 015 |
|
|
|a SNBRB19rr/mm-uuuuu
|
| 035 |
|
|
|a CL0354543
|
| 035 |
|
|
|a urn:nbn:sk:snk-abemxz
|
| 035 |
|
|
|a (urnnbn)urn:nbn:sk:snk:ar-0009hl
|
| 035 |
|
|
|a (uuid)534bd954-8a29-4739-88ee-a144815b5d41
|
| 040 |
|
|
|a SNKBUCL
|b slo
|c SNKBUCL
|e AACR2
|
| 041 |
0 |
|
|a slo
|
| 044 |
|
|
|a xo
|c SK
|
| 080 |
|
|
|a 82.09:885.4-1(082)(048)
|2 1981
|
| 080 |
|
|
|a 885.4-1(082)(048)
|2 1981
|
| 100 |
1 |
|
|a Földvári, Kornel,
|d 1932-2015
|4 aut
|9 159880
|
| 245 |
1 |
0 |
|a Kratšia o poéziu
|c Kornel Földvári
|
| 500 |
|
|
|a V rubrike Recenzie
|
| 650 |
0 |
7 |
|a antológie
|2 snkbucl
|9 102524
|
| 650 |
0 |
7 |
|a satirická poézia
|2 snkbucl
|9 1510
|
| 650 |
0 |
7 |
|a epigramy
|2 snkbucl
|9 75613
|
| 655 |
|
7 |
|a recenzie
|2 snkbucl
|9 21907
|
| 655 |
|
7 |
|a články z novín a časopisov
|2 snkbucl
|9 267496
|
| 655 |
|
7 |
|a články z odboru literárna veda a krásna literatúra
|2 snkbucl
|9 770045
|
| 773 |
0 |
|
|t Slovenské pohľady
|g Roč. 105, č. 5 (1989), s. 139-141
|
| 787 |
0 |
8 |
|i Rec.:
|t Dlhší o hlavu
|d Bratislava : Smena, 1988
|
| 850 |
|
|
|a Slovenská národná knižnica
|
| 852 |
|
|
|a Slovenská národná knižnica
|
| 958 |
|
|
|a RK
|
| 958 |
|
|
|a LX
|
| 958 |
|
|
|a OND
|
| 958 |
|
|
|a EUIPO
|
| 958 |
|
|
|a article27
|
| 992 |
|
|
|a RBX
|
| 999 |
|
|
|c 2262521
|d 2264451
|